| 000 | 01560cam a2200397 i 4500 | ||
|---|---|---|---|
| 999 |
_c173383 _d173383 |
||
| 001 | 17863220 | ||
| 003 | Nust | ||
| 005 | 20180117090021.0 | ||
| 008 | 130823s2014 enka b 001 0 eng | ||
| 010 | _a 2013033786 | ||
| 020 | _a9780415820530 (hbk. : alk. paper) | ||
| 020 | _z9780203386255 (ebk) | ||
| 040 |
_aDLC _beng _cDLC _erda _dDLC |
||
| 042 | _apcc | ||
| 043 | _aaz----- | ||
| 050 | 0 | 0 |
_aHN670.3.A8 _bK635 2014 |
| 082 | 0 | 0 |
_a303.3/720954 _223 |
| 100 | 1 |
_aKoehler, Gabriele _eauthor. |
|
| 245 | 1 | 0 |
_aDevelopment and welfare policy in South Asia / _cGabriele Koehler and Deepta Chopra. |
| 264 | 1 |
_aAbingdon, Oxon ; _aNew York : _bRoutledge/ Taylor & Francis Group, _c2014. |
|
| 300 |
_axx, 228 pages : _billustrations ; _c24 cm. |
||
| 336 |
_atext _2rdacontent |
||
| 337 |
_aunmediated _2rdamedia |
||
| 338 |
_avolume _2rdacarrier |
||
| 490 | 0 | _aRoutledge explorations in development studies | |
| 504 | _aIncludes bibliographical references and index. | ||
| 650 | 0 |
_aWelfare state _zSouth Asia. |
|
| 650 | 0 |
_aEconomic development _zSouth Asia. |
|
| 651 | 0 |
_aSouth Asia _xSocial policy. |
|
| 651 | 0 |
_aSouth Asia _xEconomic policy. |
|
| 700 | 1 |
_aChopra, Deepta, _eauthor. |
|
| 906 |
_a7 _bcbc _corignew _d1 _eecip _f20 _gy-gencatlg |
||
| 942 |
_2ddc _cBK |
||